01521nam a2200301 4500001000400000003000400004005001700008008004100025020001800066040000800084041001300092082001500105100002300120240002100143245007100164260003200235300001100267490002400278500004900302520072700351650002501078650002001103650001401123655001201137655001601149700003001165830002401195187OSt20250528074014.0250131b |||||||e |||| 00| 1 eng d a9788565530378 bpor hengapor a813bD273p1 aDay, Sylviad1973- aReflected in you aProfundamente sua /cDay, Sylvia ; Tradução de Alexandre Boide aSão PaulobParalelac2013 a310 p.1 aCrossfirevLivro 02 aProfundamente sua Sequência de :Toda sua  a"Gideon Cross. Ele é tão bonito e perfeito do lado de fora quanto é danificado e atormentado no interior. Ele era uma chama brilhante e ardente que me chamuscou com o mais escuro dos prazeres. Eu não poderia ficar longe. Eu não queria. Ele era o meu vício... meu desejo... todo meu. Meu passado foi tão violento quanto o dele, e eu estava tão machucada. Nós nunca iríamos ser normais. Era muito difícil, muito doloroso... exceto quando era perfeito. Aqueles momentos em que a voragem do amor desesperado eram a loucura mais requintada. Fomos completamente subjugados pela nossa necessidade. E a nossa paixão nos levaria além dos nossos limites para a mais doce borda da mais nítida obsessão." 0aLiteratura Americana 0aAmor e Paixão 0aErótico 0aRomance 0aFicção  aAlexandre BoidieTradutor aCrossfirevLivro 02